000 00461nam a2200181 a 4500
003 OSt
005 20150203213002.0
008 020226s1971 esp 000 0 spa d
040 _cBMC
082 _a823
100 1 _9169
_aSwift, Jonathan
_d1667-1745
245 1 4 _aLos viajes de Gulliver
_cJonathan Swift
260 _aMadrid
_bLibra
_cD.L. 1971
300 _a2 v.
_c17 cm
490 0 _aPúrpura
_v63, 64
650 2 4 _911162
_aNovela inglesa
942 _2ddc
_cBK
999 _c16579
_d16579